Statistics for Major World Cities Closest to the Equator

Click here to take the quiz!

General Stats

  • This quiz has been taken 142 times
  • The average score is 12 of 20

Answer Stats

LatitudeContinentCity% Correct
0°11' SSouth AmericaQuito
94%
4°36' NSouth AmericaBogotá
84%
4°18' SAfricaKinshasa
83%
6°10' SAsiaJakarta
82%
1°17' SAfricaNairobi
82%
1°17' NAsiaSingapore
81%
3°09' NAsiaKuala Lumpur
77%
0°19' NAfricaKampala
70%
3°07' SSouth AmericaManaus
65%
6°15' NSouth AmericaMedellín
65%
2°09' SSouth AmericaGuayaquil
59%
3°27' NSouth AmericaCali
56%
3°52' NAfricaYaoundé
50%
1°27' SSouth AmericaBelém
48%
3°44' SSouth AmericaFortaleza
40%
4°03' NAfricaDouala
35%
5°33' NAfricaAccra
33%
3°36' NAsiaMedan
33%
5°20' NAfricaAbidjan
32%
4°47' NAfricaPort Harcourt
19%

Score Distribution

Percentile by Number Answered

Percent of People with Each Score

Your Score History

You have not taken this quiz